| 000 | 04205cam a22006014i 4500 | ||
|---|---|---|---|
| 003 | PE-LiUPU | ||
| 005 | 20250731170410.0 | ||
| 008 | 151029s2014 ck a rb 001 0 spa d | ||
| 020 | _a9789581203338 | ||
| 035 | _a(Sirsi) a155092 | ||
| 040 |
_aPE-LiUPU _bspa _cPE-LiUPU _erda |
||
| 049 | _aPRUA | ||
| 082 | 0 | 4 |
_a174.2 _bG68 |
| 100 | 1 |
_aGamboa Bernal, Gilberto A., _eautor. |
|
| 245 | 1 | 3 |
_aEl ser humano y su dimensión bioética / _cGilberto A. Gamboa Bernal. |
| 264 | 1 |
_aColombia : _bUniversidad de La Sabana, _c2014. |
|
| 300 |
_a329 páginas : _bilustraciones ; _c24 centímetros. |
||
| 336 |
_atext _2rdacontent |
||
| 337 |
_aunmediated _2rdamedia |
||
| 338 |
_avolume _2rdacarrier |
||
| 490 | 0 |
_aColección estudios.Facultad de Medicina ; _v2 |
|
| 504 | _aBibliografía : páginas 305-308. | ||
| 504 | _aÍndice : páginas 309-329. | ||
| 505 | 0 | _aRelación entre la antropología y la bioética -- El ser personal del hombre -- ¿Quién es el hombre? -- La libertad -- El don -- La coexistencia -- El carácter de "además" -- El conocer -- El amor -- La intimidad -- La novedad -- La irreductibilidad -- ¿Qué es el hombre? -- Niveles del tener -- Primer nivel -- Segundo nivel -- Tercer nivel -- Excelencia y trascendencia -- El estudio del hombre desde la antropología filosófica -- La antropología filosófica -- Quiebre en la filosofía -- Panorama del pensamiento contemporáneo -- Filosofías de la persona -- El ser humano y su dimensión bioética -- Elementos de una adecuada o ideal filosofía de la persona -- Material para el taller -- Evolución frente a evolucionismo -- Origen del hombre -- Origen del cosmos -- Cosmovisión actual -- Teoría incompleta -- El principio antropocéntrico -- Evolucionismo -- Creacionismo -- Creación y evolución -- Creación -- Evolución -- Material para el taller -- El alma: realidad o ficción -- Noción de alma -- La unidad sustancial del alma humana -- Teorías sobre las "partes" del alma humana -- Argumentos a favor de la unidad del alma humana -- Argumentos contrarios a la unidad del alma humana -- Teorías sobre la unión entre el alma y el cuerpo humano -- Teoría de la unión sustancial de cuerpo y alma -- La naturaleza del alma humana -- El alma humana es subsistente -- El alma humana es simple -- El alma humana es inmortal -- El alma es espiritual -- El alma no es sustancia completa -- Origen del alma humana -- Gilberto A. Gamboa Bernal -- Facultades del alma humana -- Naturaleza de la facultad -- Tipos de facultades humanas -- Conocimiento humano sensible y proceso perceptivo -- El conocimiento sensible -- Inclinaciones o apetitos -- Diferencias del apetito animal y humano -- Material para el taller -- El laberinto afectivo -- Clases de sentimientos -- Pensamiento y voluntad -- Conciencia e inconsciente -- Verdad, bien y ley natural -- Buscar la verdad y hacer el bien -- Entre lo verdadero y lo bueno -- Ley natural -- Material para el taller -- Libertad y dignidad -- El trabajo humano -- Educación y sexualidad -- Ciencia, tecnología y ética -- Los límites del hombre: enfermedad, sufrimiento y muerte -- Ética social: reto para la persona -- Ética y ecología -- Felicidad y sentido de la vida -- Felicidad -- El sentido de la vida -- Bibliografía general. | |
| 526 | _aSEG68 | ||
| 526 | _aSEG70 | ||
| 526 | _aSEG69 | ||
| 526 | _aSEG67 | ||
| 526 | _aSEG43 | ||
| 526 | _aP144 | ||
| 526 | _aP143 | ||
| 526 | _aP131 | ||
| 526 | _aP122 | ||
| 526 | _aP120 | ||
| 526 | _aP117 | ||
| 526 | _aP112 | ||
| 526 | _aP110 | ||
| 526 | _aP106 | ||
| 526 | _aP101 | ||
| 526 | _aP80 | ||
| 526 | _aP59 | ||
| 526 | _aP54 | ||
| 526 | _aP35 | ||
| 526 | _aP33 | ||
| 526 | _aP30 | ||
| 910 |
_ardg _bjck _crdg _d20151029 |
||
| 942 |
_2ddc _cBOOK |
||
| 949 |
_a174.2 G68 _wDEWEY _c1 _i70698 _lCCODEBUL1 _mBUL _p00.00 _r0 _sY _tBOOK _u29/10/015 _xSALUD _PP33 _0COMPRA _o.STAFF. Colección General |
||
| 994 |
_aC0 _bPEPRU |
||
| 596 | _a1 | ||
| 999 |
_a174.2 G68 _wDEWEY _c7783 _i70698 _d7783 _e2018-6-5 _f2021-11-4 _g5 _lCCODEBUL1 _mBUL _n6 _p13.00 _q4 _r0 _sY _tBOOK _u2015-10-29 _xBIBLIOTECA _PP33 _0COMPRA _o.STAFF. Colección Ciencias de la Salud |
||
| 980 |
_81 _gALBERTO SANCHEZ Responsable de Automatización |
||